A plan for growth in a resource-constrained world (Record no. 114341)

MARC details
000 -LEADER
fixed length control field 01285cad a22002295a 4500
001 - CONTROL NUMBER
control field L156648
008 - FIXED-LENGTH DATA ELEMENTS--GENERAL INFORMATION
fixed length control field 120618s2012 xxk f 000 0 eng d
035 ## - SYSTEM CONTROL NUMBER
System control number (Sirsi) u156648
041 0# - LANGUAGE CODE
Language code of text/sound track or separate title eng
110 2# - MAIN ENTRY--CORPORATE NAME
Corporate name or jurisdiction name as entry element UK Green Building Council
9 (RLIN) 5440
245 02 - TITLE STATEMENT
Title A plan for growth in a resource-constrained world
Remainder of title a report from the UK-GBC's 'Industry Business Plan' project
-- May 2012
Medium [electronic resource]
260 ## - PUBLICATION, DISTRIBUTION, ETC.
Place of publication, distribution, etc. London
Name of publisher, distributor, etc. UKGBC
Date of publication, distribution, etc. 2012
505 2# - FORMATTED CONTENTS NOTE
Formatted contents note Background -- The future operating environment -- The process of innovation -- Community collaborators -- You design and build -- Liveable places -- Great home, no hassle -- Use space well -- Key insights -- Afterword and next steps
520 ## - SUMMARY, ETC.
Summary, etc. This report is the result of a process known as the 'Industry Business Plan' project which looks at the transition to low carbon over the next 40 years almost like a business plan for construction which will bring opportunities for growth. Includes a feature on self build.
590 ## - LOCAL NOTE (RLIN)
Local note KA NTK
651 #4 - SUBJECT ADDED ENTRY--GEOGRAPHIC NAME
Geographic name United Kingdom
Chronological subdivision
690 ## - LOCAL SUBJECT ADDED ENTRY--TOPICAL TERM (OCLC, RLIN)
Topical term or geographic name as entry element Construction management
9 (RLIN) 6230
690 ## - LOCAL SUBJECT ADDED ENTRY--TOPICAL TERM (OCLC, RLIN)
Topical term or geographic name as entry element Sustainability
9 (RLIN) 6271
690 ## - LOCAL SUBJECT ADDED ENTRY--TOPICAL TERM (OCLC, RLIN)
Topical term or geographic name as entry element Environment
9 (RLIN) 6238
856 40 - ELECTRONIC LOCATION AND ACCESS
Uniform Resource Identifier <a href="https://www.ukgbc.org/resources/publication/uk-gbc-plan-growth">https://www.ukgbc.org/resources/publication/uk-gbc-plan-growth</a>
Public note View this report free of charge at www.ukgbc.org
942 ## - ADDED ENTRY ELEMENTS (KOHA)
Suppress in OPAC 0
Holdings
Withdrawn status Lost status Source of classification or shelving scheme Damaged status Not for loan Home library Current library Shelving location Date acquired Total Checkouts Full call number Barcode Date last seen Copy number Price effective from Koha item type
    Dewey Decimal Classification     Virtual Virtual Online 18/06/2012   ONLINE PUBLICATION 156648-2001 06/08/2019 1 06/08/2019 Book